00521nam a2200157Ia 4500008004100000020001800041082001800059100002900077245006400106250000800170260003000178300000900208942001200217999001900229952011500248210430s9999 xx 000 0 und d a81-265-1000-5 a660.28 L655 C aOctave Levenspiel954149 aChemical Reaction Engineering 3rdeditioncOctave Levenspiel a3rd aIndiabWiley India c2007 a668p cBK2ddc c565982d565982 00104070aSCMEbSCMEcCARTd0000-00-00l2o660.28 L655 CpSCME- D223r2022-06-13s2021-11-22w2021-04-30yBK